[Event "ESP-ch U18"]
[Site "Granada"]
[Date "2016.07.25"]
[Round "1"]
[White "Salagran Ferragut, Guillem"]
[Black "Gonzalez Ambros, Cristian"]
[Result "1-0"]
[WhiteElo "2196"]
[BlackElo "1788"]
[PlyCount "51"]
[EventDate "2016.07.25"]
[EventType "swiss"]
[EventRounds "9"]
[EventCountry "ESP"]
[SourceTitle "EXT 2024"]
[Source "ChessBase"]
[SourceDate "2023.10.10"]
[SourceVersion "1"]
[SourceVersionDate "2023.10.10"]
[SourceQuality "1"]

1. e4 e5 2. Nf3 Nc6 3. Bb5 a6 4. Ba4 Nf6 5. d3 b5 6. Bb3 Be7 7. 0-0 d6 8. c3 0-0 9. Re1 Na5 10. Bc2 c5 11. Nbd2 Nc6 12. Nf1 Re8 13. h3 Bf8 14. Bg5 h6 15. Bh4 Be7 16. Ne3 Nh7 17. Bxe7 Nxe7 18. d4 Qc7 19. Nd5 Nxd5 20. exd5 Bb7 21. dxe5 dxe5 22. d6 Bxf3 23. Bxh7+ Kxh7 24. Qc2+ Be4 25. Qxe4+ f5 26. Qxa8 1-0

[Event "Barcelona Sant Marti op-A 18th"]
[Site "Barcelona"]
[Date "2016.07.16"]
[Round "4"]
[White "Salagran Ferragut, Guillem"]
[Black "Rojas Fernandez, Andres"]
[Result "1-0"]
[WhiteElo "2196"]
[BlackElo "2009"]
[PlyCount "65"]
[EventDate "2016.07.13"]
[EventType "swiss"]
[EventRounds "9"]
[EventCountry "ESP"]
[SourceTitle "CBM 173 Extra"]
[Source "ChessBase"]
[SourceDate "2016.08.29"]
[SourceVersion "1"]
[SourceVersionDate "2016.08.29"]
[SourceQuality "1"]

1. e4 e6 2. d4 d5 3. Nc3 Nf6 4. e5 Nfd7 5. Nce2 c5 6. c3 Nc6 7. f4 Qb6 8. Nf3 cxd4 9. cxd4 Bb4+ 10. Nc3 Na5 11. a3 Be7 12. b4 Nc6 13. h4 a6 14. Rb1 Qc7 15. Qc2 b5 16. Bd3 h6 17. f5 Nb6 18. 0-0 Nc4 19. Ne2 Qa7 20. Bxc4 bxc4 21. Qa4 Bd7 22. fxe6 fxe6 23. Qc2 0-0-0 24. Qg6 Bf8 25. Bb2 Re8 26. Nf4 Nd8 27. Bc3 Ba4 28. b5 Qd7 29. bxa6 Re7 30. Rb6 Qa7 31. Rfb1 Bb3 32. Ba5 Qd7 33. Rd6 1-0